Eastern Utah Libraries Catalog: Duchesne, Heber, Roosevelt, & Vernal

The nativity story (Record no. 46101)

MARC details
000 -LEADER
fixed length control field 04816cgm a2200961Ia 4500
003 - CONTROL NUMBER IDENTIFIER
control field OCoLC
005 - DATE AND TIME OF LATEST TRANSACTION
control field 20241220120437.0
007 - PHYSICAL DESCRIPTION FIXED FIELD--GENERAL INFORMATION
fixed length control field vd cvaizk
008 - FIXED-LENGTH DATA ELEMENTS--GENERAL INFORMATION
fixed length control field 070109p20072006cau101 g vleng d
001 - CONTROL NUMBER
control field ocm77564717
020 ## - INTERNATIONAL STANDARD BOOK NUMBER
International Standard Book Number 0780656709
020 ## - INTERNATIONAL STANDARD BOOK NUMBER
International Standard Book Number 9780780656703
024 10 - OTHER STANDARD IDENTIFIER
Standard number or code 794043106682
024 1# - OTHER STANDARD IDENTIFIER
Standard number or code 794043106705
028 42 - PUBLISHER NUMBER
Publisher number N10668
Source New Line Home Entertainment
028 42 - PUBLISHER NUMBER
Publisher number N10670
Source New Line Home Entertainment
035 ## - SYSTEM CONTROL NUMBER
System control number (Sirsi) i9780780656703
035 ## - SYSTEM CONTROL NUMBER
System control number (OCoLC)77564717
040 ## - CATALOGING SOURCE
Original cataloging agency TEFMT
Transcribing agency TEFMT
Modifying agency TEF
-- RCS
-- MR0
-- JED
-- UINTA
041 1# - LANGUAGE CODE
Language code of text/sound track or separate title eng
Language code of summary or abstract/overprinted title or subtitle eng
-- spa
Language code of original and/or intermediate translations of text eng
043 ## - GEOGRAPHIC AREA CODE
Geographic area code awba---
049 ## - LOCAL HOLDINGS (OCLC)
Holding library UCLB
050 14 - LIBRARY OF CONGRESS CALL NUMBER
Classification number PN1995.9.R4
Item number N3858589 2007
082 04 - DEWEY DECIMAL CLASSIFICATION NUMBER
Classification number 791.43/72
Edition number 22
092 ## - LOCALLY ASSIGNED DEWEY CALL NUMBER (OCLC)
Classification number 791.437
130 0# - MAIN ENTRY--UNIFORM TITLE
Uniform title Nativity story (Motion picture)
9 (RLIN) 55858
245 14 - TITLE STATEMENT
Title The nativity story
Medium [videorecording] /
Statement of responsibility, etc New Line Cinema presents a Temple Hill production ; produced by Wyck Godfrey, Marty Bowen ; written by Mike Rich ; directed by Catherine Hardwicke.
260 ## - PUBLICATION, DISTRIBUTION, ETC. (IMPRINT)
Place of publication, distribution, etc Burbank, CA :
Name of publisher, distributor, etc New Line Home Entertainment :
-- Distributed by Warner Home Video,
Date of publication, distribution, etc [2007], c2006.
300 ## - PHYSICAL DESCRIPTION
Extent 1 videodisc (101 min.) :
Other physical details sd., col. ;
Dimensions 4 3/4 in.
538 ## - SYSTEM DETAILS NOTE
System details note DVD ; region 1 ; widescreen (2.35:1) and full screen (1.33:1) presentations ; Dolby Digital 5.1 surround, Dolby Digital 2.0 stereo., surround.
546 ## - LANGUAGE NOTE
Language note In English with optional English or Spanish subtitles.
546 ## - LANGUAGE NOTE
Language note Closed-captioned.
511 1# - PARTICIPANT OR PERFORMER NOTE
Participant or performer note Keisha Castle-Hughes, Oscar Isaac, Hiam Abbass, Shaun Toub, Ciarán Hinds, Shohreh Aghdashloo, Stanley Townsend, Emilia Fortunato, Alexander Siddig.
508 ## - CREATION/PRODUCTION CREDITS NOTE
Creation/production credits note Director of photography, Elliot Davis ; editor, Robert K. Lambert ; music, Mychael Danna ; costume designer, Maurizio Millenotti ; production designer, Stefano Maria Ortolani.
500 ## - GENERAL NOTE
General note DVD release of the 2006 motion picture.
521 8# - TARGET AUDIENCE NOTE
Target audience note MPAA rating: PG; for some violent content.
520 ## - SUMMARY, ETC.
Summary, etc Begins with the slaughter of Bethlehem's innocents under orders from a paranoid King Herod. Go back a year to the prophecy that informs Zechariah that his wife, Elizabeth, will bear a child. Elizabeth's cousin, the adolescent Mary, struggles with her family to make ends meet and is promised to the carpenter Joseph. Mary is told by the angel Gabriel that she will carry, while still a virgin, the long-awaited Messiah who will liberate the Jews from Herod and his Roman benefactors. Joseph and Mary travel to Bethlehem. Three Magi spend months crossing the desert trying to rendezvous with some point below the convergence of three heavenly bodies in the night sky. Friendship and trust emerges between Mary and Joseph after he is told in a dream that she speaks truthfully about her miraculous pregnancy.
600 00 - SUBJECT ADDED ENTRY--PERSONAL NAME
Personal name Jesus Christ
General subdivision Nativity
Form subdivision Drama.
9 (RLIN) 5746743
600 00 - SUBJECT ADDED ENTRY--PERSONAL NAME
Personal name Mary,
Titles and other words associated with a name Blessed Virgin, Saint
Form subdivision Drama.
9 (RLIN) 6530687
600 00 - SUBJECT ADDED ENTRY--PERSONAL NAME
Personal name Mary,
Titles and other words associated with a name Blessed Virgin, Saint
General subdivision Motherhood
Form subdivision Drama.
9 (RLIN) 6171745
600 00 - SUBJECT ADDED ENTRY--PERSONAL NAME
Personal name Joseph,
Titles and other words associated with a name Saint
Form subdivision Drama.
9 (RLIN) 6171746
600 00 - SUBJECT ADDED ENTRY--PERSONAL NAME
Personal name Jesus Christ
Form subdivision Drama.
9 (RLIN) 5689214
650 #0 - SUBJECT ADDED ENTRY--TOPICAL TERM
Topical term or geographic name as entry element Prophecy
Form subdivision Drama.
9 (RLIN) 5727010
650 #0 - SUBJECT ADDED ENTRY--TOPICAL TERM
Topical term or geographic name as entry element Magi
Form subdivision Drama.
9 (RLIN) 5716033
651 #0 - SUBJECT ADDED ENTRY--GEOGRAPHIC NAME
Geographic name Bethlehem (Israel)
Form subdivision Drama.
9 (RLIN) 6507124
600 07 - SUBJECT ADDED ENTRY--PERSONAL NAME
Personal name Jesucristo
General subdivision Natividad
Form subdivision Teatro.
Source of heading or term bidex
9 (RLIN) 6171748
600 07 - SUBJECT ADDED ENTRY--PERSONAL NAME
Personal name Mes de María
Form subdivision Teatro.
Source of heading or term bidex
9 (RLIN) 6171749
600 04 - SUBJECT ADDED ENTRY--PERSONAL NAME
Personal name Jesus Christ
General subdivision Nativity
Form subdivision Drama.
9 (RLIN) 5746743
600 04 - SUBJECT ADDED ENTRY--PERSONAL NAME
Personal name Mary,
Titles and other words associated with a name Blessed Virgin, Saint
Form subdivision Drama.
9 (RLIN) 6530687
600 04 - SUBJECT ADDED ENTRY--PERSONAL NAME
Personal name Mary,
Titles and other words associated with a name Blessed Virgin, Saint
General subdivision Motherhood
Form subdivision Drama.
9 (RLIN) 6171745
600 04 - SUBJECT ADDED ENTRY--PERSONAL NAME
Personal name Joseph,
Titles and other words associated with a name Saint
Form subdivision Drama.
9 (RLIN) 6171746
600 04 - SUBJECT ADDED ENTRY--PERSONAL NAME
Personal name Jesus Christ
Form subdivision Drama.
9 (RLIN) 5689214
650 #4 - SUBJECT ADDED ENTRY--TOPICAL TERM
Topical term or geographic name as entry element Prophecy
Form subdivision Drama.
9 (RLIN) 5727010
650 #4 - SUBJECT ADDED ENTRY--TOPICAL TERM
Topical term or geographic name as entry element Magi
Form subdivision Drama.
9 (RLIN) 5716033
651 #4 - SUBJECT ADDED ENTRY--GEOGRAPHIC NAME
Geographic name Bethlehem
Form subdivision Drama.
9 (RLIN) 6507125
655 #0 - INDEX TERM--GENRE/FORM
Genre/form data or focus term Feature films.
9 (RLIN) 6171751
655 #0 - INDEX TERM--GENRE/FORM
Genre/form data or focus term Religious films.
9 (RLIN) 5689216
655 #0 - INDEX TERM--GENRE/FORM
Genre/form data or focus term Video recordings for the hearing impaired.
9 (RLIN) 6171752
655 #7 - INDEX TERM--GENRE/FORM
Genre/form data or focus term Religious
Form subdivision Feature.
Source of term local
9 (RLIN) 6498465
655 #7 - INDEX TERM--GENRE/FORM
Genre/form data or focus term Family
Form subdivision Feature.
Source of term local
9 (RLIN) 5706541
655 #0 - INDEX TERM--GENRE/FORM
Genre/form data or focus term Bible films.
9 (RLIN) 102646
700 1# - ADDED ENTRY--PERSONAL NAME
Personal name Hardwicke, Catherine.
9 (RLIN) 70177
700 1# - ADDED ENTRY--PERSONAL NAME
Personal name Rich, Mike,
Dates associated with a name 1959-
9 (RLIN) 66817
700 1# - ADDED ENTRY--PERSONAL NAME
Personal name Godfrey, Wyck.
9 (RLIN) 70224
700 1# - ADDED ENTRY--PERSONAL NAME
Personal name Bowen, Marty.
9 (RLIN) 56369
700 1# - ADDED ENTRY--PERSONAL NAME
Personal name Castle-Hughes, Keisha,
Dates associated with a name 1990-
9 (RLIN) 70051
700 1# - ADDED ENTRY--PERSONAL NAME
Personal name Isaac, Oscar.
9 (RLIN) 73769
700 1# - ADDED ENTRY--PERSONAL NAME
Personal name Abbass, Hiam.
9 (RLIN) 71243
700 1# - ADDED ENTRY--PERSONAL NAME
Personal name Toub, Shaun.
9 (RLIN) 74888
700 1# - ADDED ENTRY--PERSONAL NAME
Personal name Hinds, Ciaran.
9 (RLIN) 63190
700 1# - ADDED ENTRY--PERSONAL NAME
Personal name Aghdashloo, Shohreh,
Dates associated with a name 1952-
9 (RLIN) 71540
700 1# - ADDED ENTRY--PERSONAL NAME
Personal name Townsend, Stanley.
9 (RLIN) 73345
700 1# - ADDED ENTRY--PERSONAL NAME
Personal name Fortunato, Emilia.
9 (RLIN) 6171754
700 1# - ADDED ENTRY--PERSONAL NAME
Personal name Siddig, Alexander,
Dates associated with a name 1965-
9 (RLIN) 64951
700 1# - ADDED ENTRY--PERSONAL NAME
Personal name Danna, Mychael.
9 (RLIN) 16212
710 2# - ADDED ENTRY--CORPORATE NAME
Corporate name or jurisdiction name as entry element New Line Cinema Corporation.
9 (RLIN) 4030
710 2# - ADDED ENTRY--CORPORATE NAME
Corporate name or jurisdiction name as entry element Temple Hill (Firm)
9 (RLIN) 6171755
710 2# - ADDED ENTRY--CORPORATE NAME
Corporate name or jurisdiction name as entry element New Line Home Entertainment (Firm)
9 (RLIN) 66832
710 2# - ADDED ENTRY--CORPORATE NAME
Corporate name or jurisdiction name as entry element Warner Home Video (Firm)
9 (RLIN) 61103
942 ## - ADDED ENTRY ELEMENTS (KOHA)
Koha item type DVD
994 ## -
-- C0
-- UINTA
998 ## - LOCAL CONTROL INFORMATION (RLIN)
-- a101099
Holdings
Withdrawn status Lost status Source of classification or shelving scheme Damaged status Not for loan Collection code Home library Current library Shelving location Date acquired Source of acquisition Cost, normal purchase price Total Checkouts Total Renewals Full call number Barcode Date last seen Date checked out Cost, replacement price Price effective from Koha item type
    Dewey Decimal Classification     Holiday Movies Wasatch County Library Wasatch County Library Audio Visual Area 07/16/2007 Amazon 15.95 107 10 DVD Nat 34301000602971 12/29/2025 12/13/2025 15.95 03/20/2020 DVD
This project was made possible through a grant from the Institute of Museum and Library Service administered by the Utah State Library Division.

Wasatch County Library

  • 465 East 1200 South, Heber City, Utah 84032
  • Phone 435-654-1511 | Fax 435-654-6456

Hours

  • Monday - Friday 9:30 AM - 8:00 PM
  • Saturday 9:30 AM - 1:30 PM
  • Closed Sundays and Holidays